| 000 | 00633nam a22001937a 4500 | ||
|---|---|---|---|
| 003 | OSt | ||
| 005 | 20251010005301.0 | ||
| 008 | 251010b |||||||| |||| 00| 0 eng d | ||
| 020 | _a9786218179080 | ||
| 040 |
_aDWCL-Main lib _cOC |
||
| 082 | _aFil. 343.5407 B298l 2022 | ||
| 100 | _aBascos, Melinda | ||
| 245 |
_aLegal Aspects in Tourism and Hospitality/ _cMelinda Bascos |
||
| 260 |
_aManila, Philippines : _b EDRIC Publishing House, _cc2022. |
||
| 300 |
_a91 pages : _billustrations ; _c25cm |
||
| 504 | _aIncludes bibliographical references | ||
| 650 | _a1. Tourism-- Law and Legislation | ||
| 942 |
_2ddc _cBK - FIL _kFil. _n0 |
||
| 999 |
_c4783 _d4783 |
||